000 00989cam a2200313 i 4500
999 _c200430116
_d48042
001 200430116
003 TR-AnTOB
005 20250820111211.0
007 ta
008 030526s2003 tu b 001 0 tur d
020 _a9752200354
040 _aB9K
_beng
_erda
_cB9K
_dOCLCQ
_dBGZ
_dTR-AnTOB
041 0 _atur
050 0 _aPL105
_b.A47 2003
090 0 _aPL105
_b.A47 2003
100 1 _aAksan, Doğan,
_d1929-2010
_eauthor
_925451
245 1 0 _aDil, şu büyülü düzen ... /
_cDoğan Aksan.
264 1 _aAnkara :
_bBilgi Yayınevi,
_c2003.
300 _a178 pages ;
_c21 cm.
336 _atext
_2rdacontent
_btxt
337 _aunmediated
_2 rdamedia
_bn
338 _avolume
_2 rdacarrier
_bnc
490 0 _aBilgi Yayınları / Bilgi Dizisi ;
_v76
_aDoğan Aksan ;
_v6
504 _aIncludes bibliographical references (p. 169-174) and index.
650 7 _925592
_aDilbilim
_2etuturkob
650 7 _920937
_aDil ve diller
_2etuturkob
942 _2lcc
_cBK